000 00495cam a2200169 4500
001 41
008 981028s1998 ilu 000 1 eng
010 _a 98068080
020 _a0966801504
041 _aeng
_hgre
100 1 _aPapadopoulos, George.
245 1 4 _aThe last dynasty of the angels /
_cGeorge Papadopoulos ; translated from the Greek by Charles Moore.
250 _a1st ed.
260 _aChicago, Ill. :
_bOceanTides Pub.,
_c1998.
300 _a338 p. ;
_c23 cm.
700 1 _aMoore, Charles.
999 _c34
_d34